Marketing oriented on the seniors

Rozličné vnímanie seniorov spoločnosťou v EÚ a na Slovensku. Marketingové aktivity zamerané na seniorov. Faktory: presvedčenie o kvalite, komplexnosť služby, poradenstvo pri obstaraní, dôraz pri zdravotnom úžitku produktu. Významnosť racionality u seniorov pri obstarávaní produktu.

Gespeichert in:
Bibliographische Detailangaben
1. Verfasser: Matušovičová, Monika, 1967-
Format: Buchkapitel
Sprache:Englisch
Schlagworte:
Tags: Tag hinzufügen
Keine Tags, Fügen Sie das erste Tag hinzu!

MARC

LEADER 00000naa$a2200000$$$4500
001 0195843
005 20240502083457.8
041 0 |a eng 
044 |a CZ 
245 1 0 |a Marketing oriented on the seniors  |c Monika Matušovičová 
520 |a Rozličné vnímanie seniorov spoločnosťou v EÚ a na Slovensku. Marketingové aktivity zamerané na seniorov. Faktory: presvedčenie o kvalite, komplexnosť služby, poradenstvo pri obstaraní, dôraz pri zdravotnom úžitku produktu. Významnosť racionality u seniorov pri obstarávaní produktu. 
610 2 0 |a demografia 
610 2 0 |a seniori 
610 2 0 |a nástroje marketingové 
100 1 |a Matušovičová, Monika, 1967-